Coupes du Monde de Rugby, mais pas de Football - Statistiques

Statistiques générales
  • Ce quiz a été pris 191 fois
  • Le résultat moyen est 5 sur 6
Statistiques - réponses
Réponse % Correct
Fidji
93%
Samoa
87%
Tonga
87%
Namibie
78%
Géorgie
63%
Zimbabwe
51%
Aucun quiz correspondant
Distribution des résultats
% des personnes avec chaque résultat
Percentile par nombre de réponses
Votre historique - résultats
Vous n’avez pas pris ce quiz